| 000 | 00604nam a2200217Ia 4500 | ||
|---|---|---|---|
| 003 | OSt | ||
| 005 | 20230415113001.0 | ||
| 008 | 210423s2003 xx 000 0 und d | ||
| 020 | _a81-8183-018-0 | ||
| 040 | _cAL | ||
| 041 | _aeng | ||
| 082 |
_a158.1 _223 _bNAJO |
||
| 100 |
_aNAJEMY (Robert) _988813 |
||
| 245 | _aOur universal self: in search of eternal truth | ||
| 260 |
_aMumbai _bVMP Publishers and Distributors _c2003 |
||
| 300 |
_a250 _bPB |
||
| 365 |
_b125 _cINR |
||
| 650 |
_aApplied Psychology _988814 |
||
| 906 | _aeternal ; search ; self ; self: ; truth ; universal | ||
| 942 |
_2ddc _cBK |
||
| 999 |
_c169994 _d169994 |
||